| 000 | 01080cam a2200289 a 4500 | ||
|---|---|---|---|
| 003 | CO-CtgCURN | ||
| 005 | 20250331185157.0 | ||
| 007 | ta | ||
| 008 | 160810s2016 ck o gr 000 0dspa | ||
| 020 | _a9789589007204 | ||
| 040 |
_aCO-CtgCURN _bspa _ccoctgcurn |
||
| 082 | 0 | 4 |
_a615.535 _bE184 _223 |
| 100 | 1 | _aEcheverri S., Ana María. | |
| 245 | 1 | 0 |
_aPioneros de la medicina alternativa / _cAna María Echeverri S. |
| 250 | _a1a. ed. | ||
| 260 |
_aBogotá : _bGrijalbo, _c2016. |
||
| 300 |
_a357 p. : _bfot. byn ; _c23 cm. |
||
| 336 | _2rdacontent | ||
| 337 |
_2rdamedia _asin mediacion _bn |
||
| 338 |
_2rdacarrier _avolumen _bnc |
||
| 500 | _aIncluye datos biograficos del autor. | ||
| 500 | _a"Conversaciones con Arturo O'Byrne, Santiago Rojas P., Elsa Lucia Arango, Ignacio Vergara Carulla, Julio Cesar Payan, Edgardo Maya, Federica C. Freydell M."--Cubierta. | ||
| 650 | 1 | 4 |
_aMedicina alternativa _vEntrevistas. |
| 650 | 1 | 4 |
_aNaturopatia _vEntrevistas. |
| 852 | _942000 | ||
| 942 |
_cBK _h615.535 _iE184 _2ddc |
||
| 999 |
_c22100 _d22100 |
||